| 000 | 00505nam a2200169Ia 4500 | ||
|---|---|---|---|
| 008 | 150610s9999 xx 000 0 und d | ||
| 020 | _a9780307453204 | ||
| 050 |
_aTX911.3 _b.V62S62 2010 |
||
| 100 | _aSmilow, Rick | ||
| 245 |
_aCulinary careers / _cRick Smilow and Anne E. McBride. |
||
| 250 | _a1st ed. | ||
| 260 |
_aNew York : _bClarkson Potter Publishers, _c2010. |
||
| 300 |
_a360pages ; _c23 cm. |
||
| 504 | _aIncludes index. | ||
| 520 | _aFood service. | ||
| 650 |
_aVocational guidance _xCooks. |
||
| 999 |
_c288033 _d288033 |
||